| 000 | 00842nam a2200205 a 4500 | ||
|---|---|---|---|
| 003 | 0 | ||
| 005 | 20250502095213.0 | ||
| 008 | 021118s19uu xx 00 eng d | ||
| 050 |
_aPGS LC 212.8 _b.V718 2002 |
||
| 100 | _aVillanueva, Hannah. | ||
| 245 |
_aPerceptions of Southville International School students, school year 2001-2002, on the practice of gender equality in school / _cHannah Villanueva. |
||
| 260 |
_aLas Piñas City, Philippines : _bSouthville International School and Colleges, _c2002. |
||
| 300 |
_a34 pages : _billustrations ; _c28 cm. |
||
| 504 | _aIncludes bibliographic references. | ||
| 650 | _aChildren’s attitudes toward gender equality. | ||
| 650 | _aSocial behavior in children. | ||
| 650 |
_aStudent perceptions _vGender roles. |
||
| 650 |
_aEducational equity _vGender perspectives. |
||
| 942 |
_2lcc _cPASS |
||
| 999 |
_c96666 _d96666 |
||